000 00626nam a2200229Ia 4500
003 OSt
005 20221005133737.0
006 a|||||r|||| 00| 0
007 ta
008 221004b |||||||| |||| 00| 0 pan d
024 _a63002
037 _cTextual
040 _aCRL
_cCRL
_bpan
041 _2pan
_apan
082 _aO153,2NATx, L6
100 _aਆਤਮਜੀਤ
245 0 _aਚਾਬੀਆਂ ਅਤੇ ਹੋਰ ਇਕਾਂਗੀ
260 _c1976
650 _aਪੰਜਾਬੀ ਸਾਹਿਤ
942 _hO153,2NATx, L6
_cTEXL
_2cc
999 _c1067762
_d1067762